Romanian Superliga 25/26 Teams - Statistics

General Stats
  • This quiz has been taken 40 times
  • The average score is 13 of 16
Answer Stats
Answer % Correct
FCSB
97%
CFR Cluj
91%
Rapid
91%
Dinamo
85%
FC Botosani
85%
Universitatea Craiova
85%
Farul Constanta
79%
Metaloglobus
79%
Universitatea Cluj
79%
Petrolul Ploiesti
76%
Unirea Slobozia
76%
UTA Arad
76%
Hermannstadt
73%
Otelul Galati
73%
FC Arges
70%
Csikszereda
67%
No matching quizzes found
Score Distribution
Percent of People with Each Score
Percentile by Number Answered
Your Score History
You have not taken this quiz